Normal view
MARC view
Entry Personal Name
001 - CONTROL NUMBER
- control field: 11682
003 - CONTROL NUMBER IDENTIFIER
- control field: OSt
005 - DATE AND TIME OF LATEST TRANSACTION
- control field: 20170228141544.0
008 - FIXED-LENGTH DATA ELEMENTS
- fixed length control field: 170228|| aca||aabn | a|a d
040 ## - CATALOGING SOURCE
- Original cataloging agency: OSt
- Transcribing agency: OSt
100 ## - HEADING--PERSONAL NAME
- Personal name: Versteeg,H.K;Malalasekera;
670 ## - SOURCE DATA FOUND
- Source citation: Work cat.: (OSt): Versteeg,H.K;Malalasekera;, An Introduction to Computational Fruid Dynamics:The Finite Volume Method., 2007.
